The Swiss family Robinson / (Record no. 9486)
[ view plain ]
| 000 -LEADER | |
|---|---|
| fixed length control field | 01226cam a2200289 a 4500 |
| 001 - CONTROL NUMBER | |
| control field | 9486 |
| 003 - CONTROL NUMBER IDENTIFIER | |
| control field | FISKH |
| 005 - DATE AND TIME OF LATEST TRANSACTION | |
| control field | 20260114113336.0 |
| 008 - FIXED-LENGTH DATA ELEMENTS--GENERAL INFORMATION | |
| fixed length control field | 061107s2007 nyub b 000 1 eng |
| 010 ## - LIBRARY OF CONGRESS CONTROL NUMBER | |
| LC control number | 2006050432 |
| 020 ## - INTERNATIONAL STANDARD BOOK NUMBER | |
| International Standard Book Number | 9780143104995 |
| 040 ## - CATALOGING SOURCE | |
| Original cataloging agency | DLC |
| Transcribing agency | DLC |
| Modifying agency | DLC |
| Language of cataloging | eng |
| 050 00 - LIBRARY OF CONGRESS CALL NUMBER | |
| Classification number | PT2583.W9 |
| Item number | S313 2007 |
| 082 00 - DEWEY DECIMAL CLASSIFICATION NUMBER | |
| Classification number | 833/.6 |
| Edition number | 22 |
| 100 1# - MAIN ENTRY--PERSONAL NAME | |
| Personal name | Wyss, Johann David, |
| Dates associated with a name | 1743-1818. |
| 245 14 - TITLE STATEMENT | |
| Title | The Swiss family Robinson / |
| Statement of responsibility, etc. | Retold from the Johann David Wyss original by Chris Tait ; Illustrated by Jamel Akib |
| 260 ## - PUBLICATION, DISTRIBUTION, ETC. | |
| Place of publication, distribution, etc. | New York : |
| Name of publisher, distributor, etc. | Sterling, |
| Date of publication, distribution, etc. | 2007. |
| 300 ## - PHYSICAL DESCRIPTION | |
| Extent | 151 pages : |
| Other physical details | illustrations ; |
| Dimensions | 19 cm |
| Accompanying material | 2 CDs Room . |
| 490 0# - SERIES STATEMENT | |
| Series statement | Classic starts |
| 500 ## - GENERAL NOTE | |
| General note | "First published in 1816 as The family Robinson Crusoe, or, Journal of a father shipwrecked, with his wife and children, on an uninhabited island." |
| 520 ## - SUMMARY, ETC. | |
| Summary, etc. | An abridged version of the story that relates the fortunes of a shipwrecked family as they imaginatively adapt to life on an island with abundant animal and plant life. |
| 650 ## - SUBJECT ADDED ENTRY--TOPICAL TERM | |
| Topical term or geographic name entry element | Realistic Fiction |
| Form subdivision | Juvenile Fiction |
| General subdivision | Stories from Childhood |
| 700 ## - ADDED ENTRY--PERSONAL NAME | |
| Personal name | Akib, Jamel |
| Relator term | illustrator |
| 906 ## - LOCAL DATA ELEMENT F, LDF (RLIN) | |
| a | 7 |
| b | cbc |
| c | orignew |
| d | 1 |
| e | ocip |
| f | 20 |
| g | y-gencatlg |
| 942 ## - ADDED ENTRY ELEMENTS (KOHA) | |
| Source of classification or shelving scheme | Dewey Decimal Classification |
| Koha item type | Books |
| Suppress in OPAC | No |
| Withdrawn status | Lost status | Source of classification or shelving scheme | Damaged status | Not for loan | Collection | Home library | Current library | Shelving location | Date acquired | Total Checkouts | Full call number | Barcode | Date last seen | Copy number | Price effective from | Koha item type |
|---|---|---|---|---|---|---|---|---|---|---|---|---|---|---|---|---|
| Dewey Decimal Classification | Fiction | Footprints International School Library Network Toul Kork Campus | Footprints International School Library Network Toul Kork Campus | Librarian's Shelf TK | 01/14/2026 | TAI 813.6 PZ7.T1289 S | 2026-0040 | 01/14/2026 | 1 | 01/14/2026 | Books | |||||
| Dewey Decimal Classification | Fiction | Footprints International School Library Network Toul Kork Campus | Footprints International School Library Network Toul Kork Campus | Librarian's Shelf TK | 01/14/2026 | TAI 813.6 PZ7.T1289 S | 2026-0041 | 01/14/2026 | 2 | 01/14/2026 | Books | |||||
| Dewey Decimal Classification | Fiction | Footprints International School Library Network Toul Kork Campus | Footprints International School Library Network Toul Kork Campus | Librarian's Shelf TK | 01/14/2026 | TAI 813.6 PZ7.T1289 S | 2026-0042 | 01/14/2026 | 3 | 01/14/2026 | Books | |||||
| Dewey Decimal Classification | Fiction | Footprints International School Library Network Toul Kork Campus | Footprints International School Library Network Toul Kork Campus | Librarian's Shelf TK | 01/14/2026 | TAI 813.6 PZ7.T1289 S | 2026-0043 | 01/14/2026 | 4 | 01/14/2026 | Books | |||||
| Dewey Decimal Classification | Fiction | Footprints International School Library Network Toul Kork Campus | Footprints International School Library Network Toul Kork Campus | Librarian's Shelf TK | 01/14/2026 | TAI 813.6 PZ7.T1289 S | 2026-0044 | 01/14/2026 | 5 | 01/14/2026 | Books |
